Animación entre relatos y técnicas : (Registro nro. 290496)

Detalles MARC
000 -LEADER
fixed length control field 01872nam a2200433Ii 4500
001 - CONTROL NUMBER
control field DIGEJTLOZ211
003 - CONTROL NUMBER IDENTIFIER
control field NyNyDIG
006 - FIXED-LENGTH DATA ELEMENTS--ADDITIONAL MATERIAL CHARACTERISTICS
fixed length control field m o d
007 - PHYSICAL DESCRIPTION FIXED FIELD--GENERAL INFORMATION
fixed length control field cr |||||||||||
008 - FIXED-LENGTH DATA ELEMENTS--GENERAL INFORMATION
fixed length control field 250204s2020 ck a ob 000 0 spa d
035 ## - SYSTEM CONTROL NUMBER
System control number (OCoLC)1240733178
040 ## - CATALOGING SOURCE
Original cataloging agency DGITA
Language of cataloging eng
Description conventions rda
-- pn
Transcribing agency DGITA
020 ## - INTERNATIONAL STANDARD BOOK NUMBER
International Standard Book Number 9789587252866
Qualifying information (ePub)
020 ## - INTERNATIONAL STANDARD BOOK NUMBER
International Standard Book Number 9789587252859
Qualifying information (digital)
020 ## - INTERNATIONAL STANDARD BOOK NUMBER
Canceled/invalid ISBN 9789587252842
Qualifying information (impreso)
050 14 - LIBRARY OF CONGRESS CALL NUMBER
Classification number TR897.5 ebook
245 00 - TITLE STATEMENT
Title Animación entre relatos y técnicas :
Remainder of title procesos investigativos en animación /
Statement of responsibility, etc. editor académico, Jesús Alejandro Guzmán Ramírez ; [autores], Lina X. Aguirre [and 6 others].
264 #1 - PRODUCTION, PUBLICATION, DISTRIBUTION, MANUFACTURE, AND COPYRIGHT NOTICE
Place of production, publication, distribution, manufacture Caldas, Manizales, Colombia :
Name of producer, publisher, distributor, manufacturer Editorial Universidad de Caldas ;
Place of production, publication, distribution, manufacture Bogotá :
Name of producer, publisher, distributor, manufacturer Editorial UTADEO,
Date of production, publication, distribution, manufacture, or copyright notice [2020]
300 ## - PHYSICAL DESCRIPTION
Extent 1 online resource :
Other physical details illustrations.
336 ## - CONTENT TYPE
Content type term text
Content type code txt
Source rdacontent
337 ## - MEDIA TYPE
Media type term computer
Media type code c
Source rdamedia
338 ## - CARRIER TYPE
Carrier type term online resource
Carrier type code cr
Source rdacarrier
347 ## - DIGITAL FILE CHARACTERISTICS
File type text file
Source rdaft
347 ## - DIGITAL FILE CHARACTERISTICS
Encoding format PDF
490 1# - SERIES STATEMENT
Series statement Inter-medios : diálogos sobre animación
504 ## - BIBLIOGRAPHY, ETC. NOTE
Bibliography, etc. note Includes bibliographical references.
588 0# - SOURCE OF DESCRIPTION NOTE
Source of description note Online resource; title from PDF title page (Digitalia, viewed February 4, 2025)
650 #0 - SUBJECT ADDED ENTRY--TOPICAL TERM
Topical term or geographic name entry element Animation (Cinematography)
General subdivision History.
650 #0 - SUBJECT ADDED ENTRY--TOPICAL TERM
Topical term or geographic name entry element Computer animation.
700 1# - ADDED ENTRY--PERSONAL NAME
Personal name Guzmán Ramírez, Jesús Alejandro,
Relator term editor.
700 1# - ADDED ENTRY--PERSONAL NAME
Personal name Aguirre, Lina X.,
Dates associated with a name 1976-
Relator term author.
791 2# -
-- Digitalia (Firm),
-- distributor.
793 0# -
-- Digitalia eBook Collection:
-- Editorial Jorge Tadeo Lozano
776 08 - ADDITIONAL PHYSICAL FORM ENTRY
Relationship information Print version:
Title Animación entre relatos y técnicas.
Place, publisher, and date of publication Caldas, Manizales, Colombia : Editorial Universidad de Caldas ; Bogotá : Editorial UTADEO, [2020]
International Standard Book Number 9789587252842
830 #0 - SERIES ADDED ENTRY--UNIFORM TITLE
Uniform title Inter-medios.
856 40 - ELECTRONIC LOCATION AND ACCESS
Materials specified Digitalia Hispánica
Uniform Resource Identifier <a href="https://www.digitaliapublishing.com/a/170596/">https://www.digitaliapublishing.com/a/170596/</a>
910 ## - USER-OPTION DATA (OCLC)
User-option data Premium collection: 2025
942 ## - ADDED ENTRY ELEMENTS (KOHA)
Koha item type Recurso Electrónico
Existencias
Withdrawn status Lost status Damaged status Not for loan Collection Home library Current library Date acquired Total checkouts Date last seen Price effective from Koha item type
        Digitalia Ebooks Hispanica Biblioteca Digital UIN Biblioteca Digital UIN 04/25/2025   04/25/2025 04/25/2025 Recurso Electrónico

CONTACTO


NOSOTROS


SITIOS DE INTERES

coordinacion.biblioteca.biblioteca@unienlinea.mx Misión, Visión y Objetivos Bases de datos
Directorio Bibliotecas Digitales y Repositorios
Normatividad Revistas y artículos
Convenios interbibliotecarios
Boletines



Hecho en México. Universidad Insurgentes (UIN). Todos los derechos reservados 2024. Esta página y sus contenidos pueden ser reproducidos con fines no lucrativos, siempre y cuando no se mutile, se cite la fuente completa y su dirección electrónicas. De otra forma requiere permiso previo por escrito de la institución




2024 Copyright Universidad Insurgentes | www.bibliouin.com.mx